Innovation leadership in practice : (Record no. 52724)

MARC details
000 -LEADER
fixed length control field 00647nam a2200217Ia 4500
005 - DATE AND TIME OF LATEST TRANSACTION
control field 20260429112155.0
008 - FIXED-LENGTH DATA ELEMENTS--GENERAL INFORMATION
fixed length control field 260429s9999||||xx |||||||||||||| ||und||
020 ## - INTERNATIONAL STANDARD BOOK NUMBER
International Standard Book Number 9781837533978
041 ## - LANGUAGE CODE
Language English
082 ## - DEWEY DECIMAL CLASSIFICATION NUMBER
Classification number 658.4
Item number JEN
100 ## - MAIN ENTRY--PERSONAL NAME
Personal name Jensen, Karina R.
245 #0 - TITLE STATEMENT
Title Innovation leadership in practice :
Remainder of title how leaders turn ideas into value in a changing world /
Statement of responsibility, etc Karina R. Jensen
250 ## - EDITION STATEMENT
Edition statement 1st ed.
260 ## - PUBLICATION, DISTRIBUTION, ETC. (IMPRINT)
Place of publication, distribution, etc United Kingdom :
Name of publisher, distributor, etc Emerald Publishing,
Date of publication, distribution, etc 2024.
300 ## - PHYSICAL DESCRIPTION
Extent xxiv, 381 p.; hb
650 ## - SUBJECT ADDED ENTRY--TOPICAL TERM
Topical term or geographic name as entry element Innovation
650 ## - SUBJECT ADDED ENTRY--TOPICAL TERM
Topical term or geographic name as entry element Leadership
700 ## - ADDED ENTRY--PERSONAL NAME
Personal name Kaudela-Baum, Stephanie
700 ## - ADDED ENTRY--PERSONAL NAME
Personal name Sheffield, Rob
942 ## - ADDED ENTRY ELEMENTS (KOHA)
Koha item type Text Books
Holdings
Withdrawn status Lost status Damaged status Not for loan Collection code Home library Location Shelving location Date of Cataloging Source of acquisition Total Checkouts Full call number Barcode Date last seen Price effective from Koha item type
        Non-fiction CUTN Central Library CUTN Central Library Medicine, Technology & Management 29/04/2026 Technical Bureau, New Delhi - Invoice No. TB3352 on 09-02-2026   658.4 JEN 57843 29/04/2026 29/04/2026 Text Books